| 000 | 00459cam a2200169ua 4500 | ||
|---|---|---|---|
| 003 | OSt | ||
| 008 | 250328b |||||||| |||| 00| 0 eng d | ||
| 020 | _a0-412-21990-5 | ||
| 041 | _aeng | ||
| 082 |
_a620.82 _bMUR/ER |
||
| 100 |
_aMurrell, Hywel K F. _97380 |
||
| 245 | _aErgonomics: Man in his working environment / | ||
| 260 |
_aLondon : _bChapman and Hall Ltd , _c1986. |
||
| 300 | _a496 ; . | ||
| 650 |
_aHuman Factors- Engineering _97381 |
||
| 942 | _cBK | ||
| 999 |
_c11130 _d11130 |
||